La filosofía política del sindicato de empleados de la Universidad de Costa Rica en su período original clasista (1960-1980)
Kaydedildi:
| Yazar: | |
|---|---|
| Materyal Türü: | Kitap |
| Dil: | Undetermined |
| Baskı/Yayın Bilgisi: |
San José, Costa Rica
Universidad de Costa Rica, Facultad de Letras, Escuela de Filosofía, Sistema de Estudio de Pregrado
2015
|
| Konular: | |
| Etiketler: |
Etiketle
Etiket eklenmemiş, İlk siz ekleyin!
|
MARC
| LEADER | 00000nam a2200000Ia 4500 | ||
|---|---|---|---|
| 008 | 170316s9999 xx 000 0 und d | ||
| 040 | |a cru BVZT | ||
| 090 | |a TESIS 904 | ||
| 100 | |a Izaguirre Cerda, Lester | ||
| 245 | |a La filosofía política del sindicato de empleados de la Universidad de Costa Rica en su período original clasista (1960-1980) | ||
| 260 | |a San José, Costa Rica | ||
| 260 | |b Universidad de Costa Rica, Facultad de Letras, Escuela de Filosofía, Sistema de Estudio de Pregrado | ||
| 260 | |c 2015 | ||
| 300 | |a 231 páginas | ||
| 650 | |a TRABAJO FINAL DE GRADUACIÓN | ||
| 650 | |a LICENCIATURA EN FILOSOFÍA | ||
| 650 | |a FILOSOFÍA POLÍTICA | ||
| 650 | |a LA POLÍTICA | ||
| 650 | |a SINDICATO DE EMPLEADOS DE LA UNIVERSIDAD DE COSTA RICA (SINDEU) | ||
| 650 | |a VALORES | ||
| 650 | |a 1960-1980 | ||
| 999 | |c 14566 |d 14566 | ||
| 942 | |c TFG |h TESIS 904 |2 z | ||
